<?xml version="1.0" encoding="UTF-8"?>
<record
    xmlns:xsi="http://www.w3.org/2001/XMLSchema-instance"
    xsi:schemaLocation="http://www.loc.gov/MARC21/slim http://www.loc.gov/standards/marcxml/schema/MARC21slim.xsd"
    xmlns="http://www.loc.gov/MARC21/slim">

  <leader>01388nam a2200301   4500</leader>
  <controlfield tag="005">20240530110340.0</controlfield>
  <controlfield tag="008">141102s2011    LE dj  gr     001 0dARA d</controlfield>
  <datafield tag="020" ind1=" " ind2=" ">
    <subfield code="a">9789953823690</subfield>
  </datafield>
  <datafield tag="040" ind1=" " ind2=" ">
    <subfield code="a">EG-CaGPL</subfield>
  </datafield>
  <datafield tag="082" ind1="0" ind2="4">
    <subfield code="2">21</subfield>
    <subfield code="a">321.8\</subfield>
    <subfield code="b">&#x625; &#x62A;</subfield>
  </datafield>
  <datafield tag="100" ind1="0" ind2=" ">
    <subfield code="a">&#x627;&#x628;&#x631;&#x627;&#x647;&#x64A;&#x645; &#x627;&#x644;&#x628;&#x62F;&#x648;&#x649;</subfield>
    <subfield code="e">&#x645;&#x62D;&#x631;&#x631;</subfield>
  </datafield>
  <datafield tag="245" ind1="1" ind2="0">
    <subfield code="a">&#x62A;&#x641;&#x633;&#x64A;&#x631; &#x627;&#x644;&#x639;&#x62C;&#x632; &#x627;&#x644;&#x62F;&#x64A;&#x645;&#x642;&#x631;&#x627;&#x637;&#x649; &#x641;&#x649; &#x627;&#x644;&#x648;&#x637;&#x646; &#x627;&#x644;&#x639;&#x631;&#x628;&#x649; /</subfield>
    <subfield code="c">&#x62A;&#x62D;&#x631;&#x64A;&#x631; &#x627;&#x628;&#x631;&#x627;&#x647;&#x64A;&#x645; &#x627;&#x644;&#x628;&#x62F;&#x648;&#x649; &#x60C; &#x633;&#x645;&#x64A;&#x631; &#x627;&#x644;&#x645;&#x642;&#x62F;&#x633;&#x649; &#x61B; &#x62A;&#x631;&#x62C;&#x645;&#x629; &#x62D;&#x633;&#x646; &#x639;&#x628;&#x62F;&#x627;&#x644;&#x644;&#x647; &#x628;&#x62F;&#x631;</subfield>
  </datafield>
  <datafield tag="260" ind1=" " ind2=" ">
    <subfield code="a">&#x628;&#x64A;&#x631;&#x648;&#x62A; :</subfield>
    <subfield code="b">&#x645;&#x631;&#x643;&#x632; &#x62F;&#x631;&#x627;&#x633;&#x627;&#x62A; &#x627;&#x644;&#x648;&#x62D;&#x62F;&#x629; &#x627;&#x644;&#x639;&#x631;&#x628;&#x64A;&#x629; &#x60C;</subfield>
    <subfield code="c">2011</subfield>
  </datafield>
  <datafield tag="300" ind1=" " ind2=" ">
    <subfield code="a">495 &#x635; :</subfield>
    <subfield code="b">&#x627;&#x64A;&#x636; &#x61B;</subfield>
    <subfield code="c">24 &#x633;&#x645;</subfield>
  </datafield>
  <datafield tag="490" ind1=" " ind2=" ">
    <subfield code="a">&#x648;&#x642;&#x641;&#x64A;&#x629; &#x62C;&#x627;&#x633;&#x645; &#x627;&#x644;&#x642;&#x637;&#x627;&#x645;&#x649; &#x644;&#x644;&#x62F;&#x64A;&#x645;&#x642;&#x631;&#x627;&#x637;&#x64A;&#x629; &#x648;&#x62D;&#x642;&#x648;&#x642; &#x627;&#x644;&#x627;&#x646;&#x633;&#x627;&#x646;</subfield>
  </datafield>
  <datafield tag="650" ind1="0" ind2="4">
    <subfield code="a">&#x627;&#x644;&#x62F;&#x64A;&#x645;&#x642;&#x631;&#x627;&#x637;&#x64A;&#x629;</subfield>
    <subfield code="z">&#x627;&#x644;&#x639;&#x627;&#x644;&#x645; &#x627;&#x644;&#x639;&#x631;&#x628;&#x649;</subfield>
  </datafield>
  <datafield tag="650" ind1="0" ind2="4">
    <subfield code="a">&#x627;&#x644;&#x62F;&#x64A;&#x645;&#x642;&#x631;&#x627;&#x637;&#x64A;&#x629; </subfield>
    <subfield code="z">&#x644;&#x628;&#x646;&#x627;&#x646;</subfield>
  </datafield>
  <datafield tag="650" ind1="0" ind2="4">
    <subfield code="a">&#x627;&#x644;&#x62F;&#x64A;&#x645;&#x642;&#x631;&#x627;&#x637;&#x64A;&#x629; </subfield>
    <subfield code="z">&#x633;&#x648;&#x631;&#x64A;&#x627;</subfield>
  </datafield>
  <datafield tag="650" ind1="0" ind2="4">
    <subfield code="a">&#x627;&#x644;&#x62F;&#x64A;&#x645;&#x642;&#x631;&#x627;&#x637;&#x64A;&#x629; </subfield>
    <subfield code="z">&#x627;&#x644;&#x62C;&#x632;&#x627;&#x626;&#x631;</subfield>
  </datafield>
  <datafield tag="650" ind1="0" ind2="4">
    <subfield code="a">&#x627;&#x644;&#x62F;&#x64A;&#x645;&#x642;&#x631;&#x627;&#x637;&#x64A;&#x629; </subfield>
    <subfield code="z">&#x627;&#x644;&#x639;&#x631;&#x627;&#x642;</subfield>
  </datafield>
  <datafield tag="650" ind1="0" ind2="4">
    <subfield code="a">&#x627;&#x644;&#x62F;&#x64A;&#x645;&#x642;&#x631;&#x627;&#x637;&#x64A;&#x629; </subfield>
    <subfield code="z">&#x645;&#x635;&#x631;</subfield>
  </datafield>
  <datafield tag="650" ind1="0" ind2="4">
    <subfield code="a">&#x627;&#x644;&#x62F;&#x64A;&#x645;&#x642;&#x631;&#x627;&#x637;&#x64A;&#x629; </subfield>
    <subfield code="z">&#x627;&#x644;&#x633;&#x648;&#x62F;&#x627;&#x646;</subfield>
  </datafield>
  <datafield tag="651" ind1="0" ind2="4">
    <subfield code="a">&#x627;&#x644;&#x639;&#x627;&#x644;&#x645; &#x627;&#x644;&#x639;&#x631;&#x628;&#x649;</subfield>
    <subfield code="x">&#x627;&#x644;&#x627;&#x62D;&#x648;&#x627;&#x644; &#x627;&#x644;&#x633;&#x64A;&#x627;&#x633;&#x64A;&#x629;</subfield>
  </datafield>
  <datafield tag="700" ind1="0" ind2=" ">
    <subfield code="a">&#x633;&#x645;&#x64A;&#x631; &#x627;&#x644;&#x645;&#x642;&#x62F;&#x633;&#x649;</subfield>
    <subfield code="e">&#x645;&#x62D;&#x631;&#x631;</subfield>
  </datafield>
  <datafield tag="700" ind1=" " ind2=" ">
    <subfield code="a">&#x62D;&#x633;&#x646; &#x639;&#x628;&#x62F;&#x627;&#x644;&#x644;&#x647; &#x628;&#x62F;&#x631;</subfield>
    <subfield code="e">&#x645;&#x62A;&#x631;&#x62C;&#x645;</subfield>
  </datafield>
  <datafield tag="942" ind1=" " ind2=" ">
    <subfield code="2">ddc</subfield>
    <subfield code="c">BK</subfield>
  </datafield>
  <datafield tag="999" ind1=" " ind2=" ">
    <subfield code="c">59857</subfield>
    <subfield code="d">59857</subfield>
  </datafield>
  <datafield tag="952" ind1=" " ind2=" ">
    <subfield code="0">0</subfield>
    <subfield code="1">0</subfield>
    <subfield code="4">0</subfield>
    <subfield code="7">0</subfield>
    <subfield code="a">CAI</subfield>
    <subfield code="b">CAI</subfield>
    <subfield code="d">2014-11-02</subfield>
    <subfield code="l">0</subfield>
    <subfield code="o">321.8\ &#x625; &#x62A;</subfield>
    <subfield code="p">158813</subfield>
    <subfield code="r">2014-11-02 00:00:00</subfield>
    <subfield code="w">2014-11-02</subfield>
    <subfield code="y">BK</subfield>
  </datafield>
</record>
